00524nam a2200205 a 4500001001300000003000900013005001700022008004100039020002300080082001300103100001500116245003700131260003200168300000900200500003500209505001000244650003600254650001300290700001500303nice12345678IN_TiNIC20260116013034.0050524s1993 bosa grp 000 0 eng  a082989X c10000a232bPAG aPage, Ruth aIncarnation of Freedom and Love. aBostonbPilgrim Pressc1993 a214p aincludes index and biblioraphy2 aIndex aJesus Christ-Person and Offices aGod-Love1 aPage, Ruth